Представление документа в формате RUSMARC

ПолеНазваниеЗначение
  Тип записи a
  Библиографический уровень m
001 Контрольный номер 2164aa1c739f48f886dad0a77868e7df
005 Дата корректировки 20260514111424.9
010 Индекс ISBN __
a ISBN 978-5-04-096750-6
b Уточнения в пер.
9 Тираж 5000 экз.
100 Данные общей обработки __
a Данные общей обработки 20260514d2026 c y0rusy028902 ca
101 Язык документа 0_
a Язык текста rus
102 Страна публикации __
a Страна публикации RU
105 Кодированные данные (монография) __
a Кодированные данные (монография) a z 000ay
181 Поле кодированных данных: вид содержания _0
a Код вида содержания (ISBD) i
182 Поле кодированных данных: тип средства _0
a Код типа средства (ISBD) n
200 Заглавие и сведения об ответственности 1_
a Заглавие Вечеринка на облаке
e Сведения, относящиеся к заглавию [для дошкольного возраста : для чтения взрослыми детям]
f Первые сведения об ответственности Гарриет Манкастер
g Последующие сведения об ответственности [перевод с английского Д. Ю. Кузнецовой
g Последующие сведения об ответственности иллюстрации автора]
203 Вид содержания и тип средства __
a Вид содержания Текст
c Тип средства непосредственный
210 Выходные данные 1_
a Место издания Москва
c Издательство Эксмо
c Издательство Эксмодетство
d Дата издания 2026
215 Физическое описание __
a Объем 134, [7] с.
c Иллюстрации/тип воспроизводства цв. ил.
d Формат 19 см
225 Серия 2_
a Серия Изадора Мун
i Наименование части Приключения очень необычной девочки
300 Общие примечания __
a Общие примечания Другие книги автора: с. [2]
300 Общие примечания __
a Общие примечания 3-я книга серии "Изадора Мун"
330 Аннотация __
a Аннотация Изадора Мун обожает ходить на дни рождения! Игры, подарки и вкусный торт - что может быть лучше?! Но накануне своего собственного праздника она очень переживает: получится ли у неё устроить такую вечеринку, которая понравится её друзьям? Сделать это будет не просто, ведь когда твои родители - фея и вампир, в твоей жизни постоянно случаются всякие небылицы! То приглашения прилетят к гостям на крылышках летучих мышей, то вместо фокусника заявится настоящий волшебник, то вместо батута придётся прыгать на облаке! Да уж, кажется, эта вечеринка будет самой необычной на свете! Понравится ли она Изадоре?
333 Примечание о целевом назначении __
a Примечание о целевом назначении 6+. Для детей старше шести лет
454 Оригинал _0
1 2001
a Isadora Moon Has a Birthday
1 700 1
a Muncaster
b H.
g Harriet
517 Другие варианты заглавия 1_
a Другие варианты заглавия Изадора Мун
606 Тематические рубрики __
a Основная рубрика Художественная литература
2 Код системы nlr_sh
606 Тематические рубрики __
2 Код системы nlr_sh
a Основная рубрика Литература Европы (произведения)
y Географическая подрубрика Великобритания
y Географическая подрубрика Англия
610 Ключевые слова 0_
a Ключевые слова зарубежная литература
610 Ключевые слова 0_
a Ключевые слова современная литература
610 Ключевые слова 0_
a Ключевые слова детская литература
610 Ключевые слова 0_
a Ключевые слова английская литература
610 Ключевые слова 0_
a Ключевые слова детское фэнтези
610 Ключевые слова 0_
a Ключевые слова тема привидений
610 Ключевые слова 0_
a Ключевые слова привидения
610 Ключевые слова 0_
a Ключевые слова тема фей
610 Ключевые слова 0_
a Ключевые слова феи
610 Ключевые слова 0_
a Ключевые слова тема волшебства
610 Ключевые слова 0_
a Ключевые слова волшебство
610 Ключевые слова 0_
a Ключевые слова тема магии
610 Ключевые слова 0_
a Ключевые слова магия
610 Ключевые слова 0_
a Ключевые слова тема друзей
686 Индексы других классификаций __
2 Код системы rubbks
a Классификационный индекс мл84
700 Автор _1
a Фамилия Манкастер
b Имя Г.
g Полное личное имя Гарриет
4 Код отношения 070
4 Код отношения 440
f Даты 1988-
702 Вторичная интеллектуальная ответственность _1
a Фамилия Кузнецова
b Имя Д. Ю.
4 Код отношения 730
g Полное личное имя Дарья Юрьевна
801 Источник записи _0
b Организация Муниципальное бюджетное учреждение культуры "Централизованная библиотечная система" г. Сургут (Центральная городская библиотека им. А. С. Пушкина)
a Страна RU
c Дата составления 20260514
g Правила каталогизации PSBO
801 Источник записи _1
b Организация Муниципальное бюджетное учреждение культуры "Централизованная библиотечная система" г. Сургут (Центральная городская библиотека им. А. С. Пушкина)
a Страна RU
c Дата составления 20260514
g Правила каталогизации PSBO
852 Данные о местонахождении __
i Авторский знак М 23
j Шифр хранения мл84
901 Тип документа __
a Ответственный ООФиК/Волкова
t Тип документа m
901 Тип документа __
a Ответственный без партии
903 Характеристики (МАРС) __
a Дата передачи 20260514
c Наименование библиотеки (МАРС) Муниципальное бюджетное учреждение культуры "Централизованная библиотечная система" г. Сургут (Центральная городская библиотека им. А. С. Пушкина)
969 Тип издания __
a Тип издания издание для детей